00405 2200157 4500001002100000005001500021008004100036020002200077035001900099041000700118082001100125090001700136100002000153245003200173260004200205INLIS00000000002356220241224131527241224||||||||| | ||| |||| || |  a978-979-22-9204-7 0010-1224023562 aid0 a658.41 a658.41 SUR s0 aSuryono Ekotama00a10 RAHASIA BISNIS FRANCHISE aJakartabGramedia Pustaka Utamac2012